000 00317nam a2200133Ia 4500
005 20251222144700.0
008 251222s9999||||xx |||||||||||||| ||spa||
020 _a49.797-1970
082 _a858.9/M86S
100 _aMoravia, Alberto
245 0 _aLos Sueños del Haragón
264 _bPlaza & Janés
942 _cLIB
999 _c17392
_d17392